000 00700nam a2200265Ia 4500
001 8082
005 20240113234049.0
007 ta
008 050715s2000 a g b000 u eng u
020 _cPB
040 _aCotton College Assam
041 _aeng
082 _a553.6
_bGu 97 So
100 _aMajumdar, S.P. .
245 0 _aAnalysis of Soil Physical Properties /
_cS.P. Majumdar & R.A. Singh.
_hTextual Documents
250 _a1st ed /
260 _aNew Delhi :
_bAgro Botanic ,
_c2000.
300 _a194p. :
_bill ;
_c21cm. .
504 _aIndex
653 _aBotany
653 _aSoil - Physical Properties
942 _2ddc
_cBK
999 _c8069
_d8069